00437nam a2200109Ia 4500008004100000050003000041100002400071245009600095260008600191300002000277521003000297140724s9999 xx 000 0 und d aHF 5549.5.R58b.P649 2012 aPineda, Kimberly S. aFactors affecting employee retention at Las Piñas Doctors Hospital /cKimberly S. Pineda. aLas Piñas, Philippines :bSouthville International School and Colleges,cc2012. a73 p. :c28 cm. aHuman Resource Management